000 00419pab a2200157 454500
008 180718b1990 xxu||||| |||| 00| 0 eng d
100 _aRath, Sharada
245 _aAttitude of rural women in Balasore towards employment
260 _c1990
300 _a17-19,27-8
362 _aOct.
650 _aWomen - Employment, Rural - India - Orissa
700 _aNavneeth Rath
773 _aSocial Welfare
909 _a21235
999 _c21235
_d21235